000 00567nam a22001817a 4500
003 NUST-PNEC
005 20170116180708.0
008 140930b xxu||||| |||| 00| 0 eng d
040 _cPNEC
082 _a621.38 SIG
100 _9430
_aSignetics
245 _aProgrammable logic devices data handbook 1991
_cSignetics , Philips Components
260 _bPhilips Components
_c1991
300 _a883, viii p. :
_b ill. ;
_c23 cm.
500 _ahttp://www.worldcat.org/title/programmable-logic-devices-data-handbook-1991/oclc/31528533
650 _xEL
942 _2ddc
_cBK
999 _c60818
_d60818